| 000 | 00547nam a2200181 i 4500 | ||
|---|---|---|---|
| 001 | 21150 | ||
| 003 | ES-MaACL | ||
| 005 | 20230906152429.0 | ||
| 007 | t| | ||
| 008 | 021121s1978 sp ||||1| spa d | ||
| 245 | 0 | 0 |
_aMotores diesel / _c[bajo la dirección de Bernard Adam ; versión de José Mª Lafora]. |
| 250 | _a2ª ed., 2ª reimp. | ||
| 260 |
_a[Madrid] : _bM. Blume, _c[1978] |
||
| 300 |
_a294 p. : _bil. ; _c27 cm. |
||
| 700 | 1 |
_aAdam, Bernard. _918354 |
|
| 700 | 1 |
_aLafora, José María. _969510 |
|
| 852 |
_aES-MaACL _jA-9405 _bR.98697 |
||
| 999 |
_c21150 _d21150 |
||